000 01008nam a22002177a 4500
003 OSt
005 20260311001852.0
008 260311b |||||||| |||| 00| 0 eng d
020 _a0448095378
040 _aDWCK GS lib
_cOC
082 _aFic. K26c 1988
100 _aKeene Carolyn
245 _aThe Clue In The Old Stagecoach
_cCarolyn Keene
260 _aNew York
_bCarolyn Keene
300 _aExtent- vii, 180 pages:
_billustrations ;
_c20cm
520 _aNancy helps Mrs. Strook locate a hidden, antique stagecoach containing a secret, valuable item meant for the town of Francisville.
650 _afirst published in 1960. It follows Nancy Drew, along with her friends Bess and George, to Camp Merriweather near the town of Francisville, where she investigates a mystery centered on finding a long-lost, valuable stagecoach.
650 _athe importance of using one's talents for the betterment of the community, rather than for personal gain.
700 _aCarolyn Keene
942 _2ddc
_cFIC.
_n0
999 _c8895
_d8895